000 01062nam a2200301 i 4500
003 DO-SdBNP
005 20260507142802.0
007 ta
008 260507b2025 dr ac||| |||| 00| 0 spa d
020 _a9789945920192
040 _aDO-SdBNP
_bspa
_cBNPHU
_erda
041 _aspa
082 4 _axxx
_bH565f
_222
100 _aHerrera, Francisco Miguel,
_eautor
_4aut.
_989494
245 1 0 _aFundamentos & retos de la izquerda revolucionaria dominicana /
_cFrancisco Miguel Herrera ; corrección, Emelda Ramos, Yolanda Castillo
250 _aprimera edición
264 1 _aSanto Domingo :
_bEditora Búho,
_c2025.
300 _a174 páginas :
_bilustraciones, retratos ;
_c23 cm.
336 _atexto
_btxt
_2rdacontent
337 _asin mediación
_bn
_2rdamedia
338 _avolumen
_bnc
_2rdacarrier
500 _aIncluye datos biográficos del autor en las solapas
590 _aInventariado, 2026/BT
700 1 _aRamos, Emelda,
_ecorrector
_4corr.
_916462
700 1 _aCastillo, Yolanda,
_ecorrector
_4corr.
_989495
910 _aBtavárez
942 _2ddc
_cLBS1
999 _c60683
_d60683